| 000 | 00923nam a22003137a 4500 | ||
|---|---|---|---|
| 001 | BR8203530 | ||
| 003 | BR-BrBNA | ||
| 005 | 20241023105938.0 | ||
| 008 | 230509b bl.||||| |||| 00| 0 por d | ||
| 040 |
_aBR-BrBNA _bpor |
||
| 041 | _a(Por) | ||
| 072 | _aA50; E30; F00 | ||
| 090 |
_aA50 _bBR8203237 |
||
| 110 | 1 | _aConselho Nacional de Desenvolvimento Cientifico e Tecnológico, Brasília, DF (Brasil) | |
| 245 | 1 |
_aAção programada em ciência e tecnologia: _brecursos naturais pesqueiros / |
|
| 260 | 3 |
_aBrasilia, DF (Brasil): _c1982. |
|
| 300 | _a77 p. | ||
| 500 | _a10 tables | ||
| 650 | _aPESQUISA AGRICOLA | ||
| 650 | _aPRODUCAO VEGETAL | ||
| 650 | _aPROGRAMA DE PESQUISA | ||
| 650 | _aDIRETRIZ | ||
| 650 | _aDESENVOLVIMENTO AGRICOLA | ||
| 650 | _aTECNOLOGIA AGRICOLA | ||
| 650 | _aRECURSO HUMANO | ||
| 909 |
_a10/2024 _bSARAH |
||
| 942 | _cBK | ||
| 999 |
_c33477 _d33477 |
||